[Event "Challenge"]
[Site "http://www.queenalice.com/game.php?id=533461"]
[Date "2009.2.1"]
[Round "-"]
[White "YuGi"]
[Black "h20"]
[Result "0-1"]
[WhiteElo "1084"]
[BlackElo "1457"]

1. Nc3 Nc6 2. h4 Nf6 3. d3 d6 4. Bg5 Ng4 5. f3 Nge5 6. Nb5 Qd7 7. g3 a6 8. Bh3
e6 9. Nc3 d5 10. f4 h6 11. Na4 hxg5 12. fxe5 Nxe5 13. b3 g4 14. Bf1 g6 15. d4
Nc6 16. c4 Bb4+ 17. Kf2 Rh5 18. Nc5 Rf5+ 19. Kg2 Qe7 20. e3 Qf6 21. Bd3 Rf2# 0-1

[Event "Challenge"]
[Site "http://www.queenalice.com/game.php?id=545118"]
[Date "2009.2.23"]
[Round "-"]
[White "YuGi"]
[Black "h20"]
[Result "1-0"]
[WhiteElo "1371"]
[BlackElo "1442"]

1. h4 e5 2. d3 Nc6 3. c4 d6 4. f3 b6 5. Bg5 f6 6. Be3 Nge7 7. Nc3 Nf5 8. Bf2 a5
9. e4 g6 10. exf5 gxf5 11. Nd5 Be6 12. Ne3 f4 13. Nd5 Rg8 14. h5 Bh6 15. Bh4 Bg5
16. Bxg5 fxg5 17. Nh3 Nd4 18. b3 c6 19. Nc3 c5 20. Nf2 h6 21. Nfe4 d5 22. cxd5
Bf7 23. g4 Qd7 24. Nf6+ Ke7 25. Nxd7 Kxd7 26. Ne4 Rgf8 27. Nf6+ Ke7 28. Nh7 Rh8
29. Nxg5 Bxd5 30. Nh3 Bxf3 31. Qd2 Bxh1 32. Be2 f3 33. Bf1 Rhf8 34. Qxh6 f2+ 35.
Kd2 Nxb3+ 36. Ke2 Nxa1 37. Qg5+ Ke6 38. Qg6+ Rf6 39. Qh7 Bf3+ 40. Kxf2 Bxg4+ 41.
Kg3 Rf3+ 42. Kxg4 Rxf1 43. Ng5+ Kd5 44. Qb7+ Kd4 45. Qxa8 Nc2 46. Ne6+ Kxd3 47.
Qd5+ Nd4 48. h6 Rf7 49. Nf4+ exf4 50. Qxf7 f3 51. h7 Nc6 52. Qxf3+ Kc4 53. h8=Q
a4 54. Qhc3+ 1-0

[Event "Let's Play Chess!"]
[Site "http://www.queenalice.com/game.php?id=545864"]
[Date "2009.2.24"]
[Round "-"]
[White "subzila"]
[Black "h20"]
[Result "1-0"]
[WhiteElo "1575"]
[BlackElo "1453"]

1. e4 e5 2. Nf3 Nc6 3. Bc4 Bc5 4. d4 Bb4+ 5. c3 Ba5 6. Ng5 Nh6 7. d5 Nd4 8. O-O
f6 9. Qh5+ g6 10. Qxh6 fxg5 11. cxd4 d6 12. Bxg5 Qd7 13. dxe5 dxe5 14. Nc3 Bxc3
15. bxc3 Rf8 16. f4 b5 17. Bd3 Rf7 18. fxe5 Bb7 19. e6 Rxf1+ 20. Rxf1 Qd6 21.
Qxh7 c6 22. Qg8+ Qf8 23. Qxf8# 1-0

[Event "YuGi"]
[Site "http://www.queenalice.com/game.php?id=548979"]
[Date "2009.3.2"]
[Round "1"]
[White "h20"]
[Black "tonycorreia"]
[Result "0-1"]
[WhiteElo "1442"]
[BlackElo "1833"]

1. d4 d5 2. Nf3 c6 3. c3 Bf5 4. Nbd2 e6 5. e3 Nd7 6. c4 dxc4 7. Nxc4 b5 8. Nce5
Nb6 9. Nxc6 Qd5 10. Nb4 Bxb4+ 11. Bd2 Bxd2+ 12. Qxd2 Rc8 13. b3 f6 14. Be2 Rc2
15. Qd1 Qc6 16. O-O Nd5 17. a4 bxa4 18. bxa4 Nc3 19. e4 Nxe2+ 20. Kh1 Bxe4 21.
Re1 Bxf3 22. Qd3 Bxg2# 0-1

[Event "Challenge"]
[Site "http://www.queenalice.com/game.php?id=554516"]
[Date "2009.3.11"]
[Round "-"]
[White "samuelrmgs"]
[Black "h20"]
[Result "0-1"]
[WhiteElo "1243"]
[BlackElo "1434"]

1. e4 Nf6 2. Bc4 Nxe4 3. Qf3 Nd6 4. d3 e5 5. Nh3 e4 6. Qf4 f6 7. Qh4 Qe7 8. Bf4
exd3+ 9. Kf1 Nxc4 10. b3 Qe2+ 11. Kg1 Qe1# 0-1

[Event "Challenge"]
[Site "http://www.queenalice.com/game.php?id=555347"]
[Date "2009.3.13"]
[Round "-"]
[White "fakir"]
[Black "h20"]
[Result "0-1"]
[WhiteElo "1525"]
[BlackElo "1426"]

1. e4 Nf6 2. Nc3 Nc6 3. d4 d5 4. e5 Ne4 5. f3 Nxc3 6. bxc3 e6 7. f4 f6 8. Nf3
Ne7 9. exf6 gxf6 10. c4 Nc6 11. cxd5 Qxd5 12. c4 Qe4+ 13. Be2 Nb4 14. Nd2 Nc2+
15. Kf2 Qxd4+ 16. Kf3 Qe3+ 17. Kg4 e5+ 18. f5 Qf4+ 19. Kh3 Ne3 20. Qa4+ Bd7 21.
Qb3 Rg8 22. Nf3 Bxf5+ 23. g4 Qxg4# 0-1

[Event "Challenge"]
[Site "http://www.queenalice.com/game.php?id=556245"]
[Date "2009.3.14"]
[Round "-"]
[White "samuelrmgs"]
[Black "h20"]
[Result "0-1"]
[WhiteElo "1326"]
[BlackElo "1442"]

1. e4 Nf6 2. Bc4 Nxe4 3. Qh5 g6 4. Qe5 Nf6 5. Qc5 e6 6. Qe5 Ng4 7. Qxh8 Qh4 8.
g3 Qh5 9. d3 Qc5 10. Be3 Qb4+ 11. c3 Qxb2 12. Bb5 Qxa1 13. Bd4 c6 14. Bg7 Kd8
15. Qxf8+ Kc7 16. Qxf7 Qxb1+ 17. Ke2 Qxa2+ 18. Kf3 Qxf2+ 19. Kxg4 Qxf7 20. Be5+
Kb6 21. Ba4 Qf5+ 22. Kh4 Qh5# 0-1

[Event "Challenge"]
[Site "http://www.queenalice.com/game.php?id=556254"]
[Date "2009.3.15"]
[Round "-"]
[White "arkadiusz42"]
[Black "h20"]
[Result "1-0"]
[WhiteElo "1607"]
[BlackElo "1476"]

1. e4 Nf6 2. Qf3 d5 3. d3 c6 4. h3 e6 5. e5 Nfd7 6. Bd2 Nxe5 7. Qe3 Bd6 8. f4
Ng6 9. Nf3 Na6 10. a3 Bxf4 11. Qd4 Be5 12. Nxe5 Qb6 13. Qc3 d4 14. Nc4 Qc5 15.
Qb3 O-O 16. c3 b5 17. Na5 Qe5+ 18. Be2 Qg3+ 19. Kf1 Nh4 20. Bf3 Nc5 21. Be1 Qf4
22. Qd1 e5 23. Bd2 Qf6 24. cxd4 Nf5 25. Nxc6 Nxd3 26. Ne7+ Qxe7 27. Bxa8 Ng3+
28. Kg1 exd4 29. Kh2 Nf2 30. Qf3 Nfxh1 31. Bb4 Qe5 32. Nd2 Nf1+ 33. Kg1 Nfg3 34.
Ne4 Rd8 35. Be1 d3 36. Bxg3 Qd4+ 37. Kxh1 Qxb2 38. Rd1 Be6 39. Bh4 f6 40. Nc5
Qe5 41. Nxd3 Qf5 42. Qe2 Rxa8 43. Nb4 a5 44. Nc6 Qc5 45. Qxe6+ Kf8 46. Nd8 Qe7
47. Qxe7+ Kxe7 48. Nc6+ Ke8 49. Re1+ Kd7 50. Ne7 Re8 51. Nf5 1-0

[Event "Let's Play Chess!"]
[Site "http://www.queenalice.com/game.php?id=563684"]
[Date "2009.3.29"]
[Round "-"]
[White "hipus"]
[Black "h20"]
[Result "1-0"]
[WhiteElo "2109"]
[BlackElo "1449"]

1. Nf3 Nc6 2. d4 d5 3. c4 dxc4 4. Nc3 Nf6 5. e3 Bg4 6. Bxc4 Qd6 7. Qb3 O-O-O 8.
Ng5 Rg8 9. Nxf7 e5 10. Nxd6+ Bxd6 11. Bxg8 Rxg8 12. O-O Rf8 13. d5 Na5 14. Qb5
b6 15. Qa6+ Nb7 16. Qxa7 h5 17. Qa8+ Kd7 18. Qxb7 Bf5 19. a4 h4 20. a5 bxa5 21.
Rxa5 g5 22. Ra8 g4 23. Rxf8 Bxf8 24. Qc6+ 1-0

[Event "Let's Play Chess!"]
[Site "http://www.queenalice.com/game.php?id=564905"]
[Date "2009.4.1"]
[Round "-"]
[White "mapecole"]
[Black "h20"]
[Result "0-1"]
[WhiteElo "1450"]
[BlackElo "1460"]

1. e4 Nf6 2. d3 e5 3. Nf3 Nc6 4. d4 Bb4+ 5. c3 Ba5 6. Bg5 O-O 7. dxe5 Nxe5 8.
Nxe5 Qe8 9. Bxf6 gxf6 10. Qg4+ Kh8 11. b4 Bb6 12. Nc4 d5 13. Qe2 dxc4 14. Qxc4
Qd8 15. Bd3 a6 16. O-O Qe7 17. Nd2 Rg8 18. Nf3 Be6 19. Qxe6 fxe6 20. e5 f5 21.
b5 Qd7 22. Rad1 Qg7 23. Nh4 Qg4 24. Kh1 Bxf2 25. Bxf5 exf5 26. Rxf2 Qxd1+ 0-1

[Event "Challenge"]
[Site "http://www.queenalice.com/game.php?id=565558"]
[Date "2009.4.2"]
[Round "-"]
[White "YuGi"]
[Black "h20"]
[Result "1-0"]
[WhiteElo "1304"]
[BlackElo "1447"]

1. e3 e5 2. Bc4 e4 3. f3 Nf6 4. fxe4 Nxe4 5. Bd5 Nf6 6. Bb3 d5 7. Nf3 Bg4 8. h3
Bh5 9. g4 Bg6 10. d3 Nc6 11. Ng5 Qe7 12. e4 Qe5 13. Nf3 Qg3+ 14. Ke2 Qg2+ 15.
Ke3 dxe4 16. dxe4 Bxe4 17. Ba4 Bc5+ 18. Kf4 h6 19. Bb5 g5+ 20. Nxg5 Nd5+ 21.
Qxd5 Bxd5 22. Bf1 Qxh1 23. Nd2 hxg5+ 24. Kxg5 Qh2 25. c4 1-0

[Event "Challenge"]
[Site "http://www.queenalice.com/game.php?id=567106"]
[Date "2009.4.5"]
[Round "-"]
[White "samuelrmgs"]
[Black "h20"]
[Result "0-1"]
[WhiteElo "1354"]
[BlackElo "1446"]

1. e4 Nf6 2. e5 Nd5 3. c3 Nf4 4. Qf3 Ng6 5. Qe4 d5 6. Qa4+ Bd7 7. Qb3 e6 8. Bb5
Nxe5 9. Ne2 c6 10. Bc4 dxc4 11. Qxb7 Na6 12. Qxa6 Nd3+ 13. Kf1 Qf6 14. f3 Bc5
15. Nd4 e5 16. Ne2 e4 17. f4 Nxf4 18. Ng3 Nd3+ 19. Ke2 Bg4# 0-1

[Event "Let's Play Chess!"]
[Site "http://www.queenalice.com/game.php?id=577664"]
[Date "2009.4.25"]
[Round "-"]
[White "spawnwolfwolverine"]
[Black "h20"]
[Result "1-0"]
[WhiteElo "1659"]
[BlackElo "1465"]

1. c4 e5 2. d3 Nc6 3. e4 d6 4. g3 g5 5. Bg2 g4 6. Nc3 Nd4 7. Nge2 c6 8. Nxd4
exd4 9. Ne2 c5 10. O-O Nf6 11. Nf4 Nd7 12. a3 1-0

[Event "Let's Play Chess!"]
[Site "http://www.queenalice.com/game.php?id=577665"]
[Date "2009.4.25"]
[Round "-"]
[White "spawnwolfwolverine"]
[Black "h20"]
[Result "1-0"]
[WhiteElo "1667"]
[BlackElo "1457"]

1. e4 Nf6 2. d3 e5 3. Bg5 h6 4. Bxf6 Qxf6 5. Nf3 Nc6 6. Be2 d6 7. O-O Be7 8. Nc3
Qg6 9. g3 h5 10. Nd5 Bd8 11. c3 Be6 12. c4 h4 13. Kg2 1-0